• AIU
  • Tony Wilmot Memorial Library

Twentieth century, (Record no. 58346)

MARC details
000 -LEADER
fixed length control field 00784cam a2200253 4500
001 - CONTROL NUMBER
control field 1704737
003 - CONTROL NUMBER IDENTIFIER
control field OSt
005 - DATE AND TIME OF LATEST TRANSACTION
control field 20140121101103.0
008 - FIXED-LENGTH DATA ELEMENTS--GENERAL INFORMATION
fixed length control field 681122s1968 nyuabc b 000 0 eng
010 ## - LIBRARY OF CONGRESS CONTROL NUMBER
LC control number 68054209
040 ## - CATALOGING SOURCE
Original cataloging agency DLC
Transcribing agency DLC
Modifying agency DLC
050 00 - LIBRARY OF CONGRESS CALL NUMBER
Classification number D422
Item number .C65
082 00 - DEWEY DECIMAL CLASSIFICATION NUMBER
Classification number 909.82
100 1# - MAIN ENTRY--PERSONAL NAME
Personal name Colton, Joel,
Dates associated with a name 1918-2011.
9 (RLIN) 18014
245 10 - TITLE STATEMENT
Title Twentieth century,
Statement of responsibility, etc by Joel G. Colton and the editors of Time-Life Books.
260 ## - PUBLICATION, DISTRIBUTION, ETC. (IMPRINT)
Place of publication, distribution, etc New York,
Name of publisher, distributor, etc Time-Life Books
Date of publication, distribution, etc [1968]
300 ## - PHYSICAL DESCRIPTION
Extent 208 p.
Other physical details illus. (part col.), maps, ports.
Dimensions 28 cm.
490 0# - SERIES STATEMENT
Series statement Great ages of man
504 ## - BIBLIOGRAPHY, ETC. NOTE
Bibliography, etc Bibliography: p. 174.
650 #0 - SUBJECT ADDED ENTRY--TOPICAL TERM
Topical term or geographic name as entry element History, Modern
Chronological subdivision 20th century.
9 (RLIN) 24075
710 2# - ADDED ENTRY--CORPORATE NAME
Corporate name or jurisdiction name as entry element Time-Life Books.
9 (RLIN) 24076
906 ## - LOCAL DATA ELEMENT F, LDF (RLIN)
a 7
b cbc
c orignew
d u
e ncip
f 19
g y-gencatlg
942 ## - ADDED ENTRY ELEMENTS (KOHA)
Source of classification or shelving scheme Library of Congress Classification
Koha item type Books
Holdings
Withdrawn status Lost status Source of classification or shelving scheme Damaged status Not for loan Collection code Home library Current library Shelving location Date acquired Source of acquisition Cost, normal purchase price Total Checkouts Full call number Barcode Date last seen Price effective from Koha item type
    Library of Congress Classification     General Circulation AIU/NEGST - Tony Wilmot Memorial Library AIU/NEGST - Tony Wilmot Memorial Library General Stacks 01/21/2014 Donation 40.00   D 422.C65 1968 R40680W3232 09/02/2019 01/21/2014 Books